Statistics for Countries with the most "Border" quizzes on JetPunk

Click here to take the quiz!

General Stats

  • This quiz has been taken 38 times
  • The average score is 11 of 16

Answer Stats

Number of QuizzesCountry% Correct
34China
100%
44Russia
97%
17France
92%
22Germany
92%
100+United States
92%
17Brazil
83%
17India
83%
11Italy
69%
17DR Congo
67%
12Mexico
67%
12Turkey
67%
11Iran
64%
11Canada
61%
10Poland
44%
10Austria
28%
10Hungary
28%

Score Distribution

Percentile by Number Answered

Percent of People with Each Score

Your Score History

You have not taken this quiz